000 01365naa a22003617a 4500
001 BR8100038
003 BR-BrBNA
005 20240918174714.0
007 ta
008 230509b bl.||||| |||| 00| 0 por d
040 _aBR-BrBNA
_bpor
_cBiblioteca Nacional de Agricultura
041 _a(Pt)
072 _aA50; E15
_b/G514
090 _aA50 BR8100038
100 1 _aSoria, J.
111 1 _aEncontro Nordestino sobre Agricultura de Sequeiro
_cPatos, PB (Brazil)
_d9 Jul 1979
245 1 _aPesquisa para sistemas agricolas de produtores de baixa renda [Nordeste; Brasil]
246 1 _a[Research for agricultural systems of low income farmers [Northeast; Brazil]]
246 1 _a[Annals of the Northeastern Meeting on Waste Agriculture]
260 3 _aCampina Grande, PB (Brasil):
_c1980.
500 _aAnais do Encontro Nordestino sobre Agricultura de Sequeiro Campina Grande, PB (Brasil): 1980. p. 24-37 (BR8100038-AM)A50
650 _aPesquisa
650 _aMicroeconomia
650 _aPesquisa agricola
650 _aPrograma de pesquisa
650 _aProdutor
650 _aBaixa renda
650 _aNordeste
650 _aZona semi-arida
773 0 _tAnais do Encontro Nordestino sobre Agricultura de Sequeiro
_wA50 BR8100038
_gCampina Grande, PB (Brasil), 1980. p. 24-37
909 _a202404
_bLucia
_c55
_dLucia Elande
942 _cAM
_2AGRIS
999 _c313011
_d313011